00650nam a2200181 4500010001500000020002600015035001400041037001300055082001000068100002500078245004800103260005100151270007400202300002100276942002400297999001900321952012800340 aENG-139669 a9789350831083c100.00 aEN-123201 bDBAD/PUB a158.1 aChetan,Rajesh963311 aFrom the Heart to Hearts/cby Rajesh Chetan aNew DelhibDiamond Pocket Books (P) Ltd.c2012 ax-30, Okhla Industries Area Phase-iibNew Delhie110020msales@dpb.in a136p.c22cm(FBK) 2ddccENh158.1mCHE c201470d201470 001040708NFICaCJbCJd2024-03-14eDBADg100.00l0o158.1 CHEpEN-123201r2024-03-14 00:00:00t1v100.00w2024-03-14yEN